000 01271nam a2200349 a 4500
001 000111128
003 CHAP
005 20221116094506.0
008 141205s2014 mx a |s| |||||||spa d
010 _a107590
011 _a108562
020 _a9786071203564
040 _cCHAP
090 _aCD-376
245 0 0 _aDesarrollos de ingeniería agrícola en América Latina
_h[Disco compacto]
_ceditado y compilado por Eugenio Romantchik Kriuchkova, Gilberto de Jesús López Canteñs y Efrén Fitz Rodríguez .
260 _aChapingo, México :
_bUACH. Departamento de Ingeniería Mecánica Agrícola,
_c2014.
300 _a1 CD ROM ;
_c4 3/4 plg.
590 _aE11695DGD
_b10
_c20141208
_lUCH01
_h1341
590 _aE6096MTM
_b05
_c20141205
_lUCH01
_h1151
650 1 4 _aDesarrollo agrícola.
_9125465
650 1 4 _aIndustrias agrícolas.
_957925
650 1 4 _aIngeniería agrícola
_xInvestigación.
_958203
650 1 4 _aProductos agrícolas.
_991896
650 1 4 _aProductos forestales.
_992059
650 1 4 _aProductos pecuarios.
_992156
700 0 _aFitz Rodríguez, Efrén
_eed.
_941189
700 1 _aLópez Canteñs, Gilberto de Jesús
_eed.
_967746
700 1 _aRomantchik Kriuchkova, Euguenio
_eed.
_9128552
901 _aBK
942 _cCD
942 _n0
999 _c107590
_d107590